European Flag Quiz - Statistics

General Stats
  • This quiz has been taken 18 times
  • The average score is 37 of 52
Answer Stats
Picture Answer % Correct
Austria
100%
Russia
100%
Turkey
100%
Georgia
93%
Albania
73%
Armenia
73%
Belgium
73%
Bosnia and Herzegovina
73%
Bulgaria
73%
Croatia
73%
Cyprus
73%
Czechia
73%
Denmark
73%
Estonia
73%
Finland
73%
France
73%
Germany
73%
Greece
73%
Hungary
73%
Iceland
73%
Ireland
73%
Italy
73%
Kosovo
73%
Latvia
73%
Liechtenstein
73%
Lithuania
73%
Malta
73%
Netherlands
73%
Norway
73%
Poland
73%
Portugal
73%
Romania
73%
San Marino
73%
Serbia
73%
Slovakia
73%
Slovenia
73%
Spain
73%
Sweden
73%
Switzerland
73%
Ukraine
73%
United Kingdom
73%
Andorra
67%
Belarus
67%
Luxembourg
67%
Monaco
67%
Montenegro
67%
North Macedonia
67%
Vatican City
67%
Moldova
60%
Faroe Islands
40%
Northern Cyprus
13%
Azerbijan
7%
No matching quizzes found
Score Distribution
Percent of People with Each Score
Percentile by Number Answered
Your Score History
You have not taken this quiz